Pintura abstracta /
Guardado en:
| Autor Principal: | |
|---|---|
| Formato: | Libro |
| Publicado: |
Buenos Aires :
Kapelusz,
1964
|
| Etiquetas: |
Agregar Etiqueta
Sin Etiquetas, Sea el primero en etiquetar este registro!
|
| LEADER | 00589nam a22001575a 4500 | ||
|---|---|---|---|
| 001 | CEM.cems005953 | ||
| 005 | 20060214000000.0 | ||
| 008 | 130507s1964##################000#0#####d | ||
| 003 | CEMS | ||
| 082 | 0 | 4 | |a 759.91 |
| 100 | 1 | |a Seuphor, Michel | |
| 245 | 1 | 0 | |a Pintura abstracta / |
| 260 | |a Buenos Aires : |b Kapelusz, |c 1964 | ||
| 300 | |a 304 p. | ||
| 505 | 0 | |a Los precursores.-Emeric Essec Vidal.-Carlos Enrique Pellegrini.-Las litograf¡as de Bacle.-Carlos Morel.-Raimond Monvoisin.-Mauricio Rugendas. -Prilidiano Pueyrred¢n.-Le¢n PalliSre. | |
| 859 | |a CEMS |b BIB. CEMS - 11 de abril |h 759.91 |i Se81 |p 2576.74 |t Ej.1 | ||
